000 01020nmm a2200325 a 4500
003 AR-BaBNM
005 20251128204817.0
008 256019s1994 ||||||||||||||000 | spa||
020 _a84-7799-093-8
040 _cAR-BaBNM
110 2 _aInstituto de la Mujer [España]
245 1 0 _aLa mujer en cifras
_buna década, 1982-1992
260 _aMadrid
_bInstituto de la Mujer
_c1994
300 0 _a100 p.
_bil., tablas, gráfs.
500 0 _aContiene: Demografía - Salud - Educación - Política - Trabajo - Servicios Sociales
500 0 _aContiene estadísticas en cuadros y gráficos
650 4 _aMUJERES
650 4 _aESTADISTICA
650 4 _aDERECHOS DE LA MUJER
650 4 _aFEMINISMO
650 4 _aIGUALDAD DE OPORTUNIDADES
650 4 _aINVESTIGACION DEMOGRAFICA
650 4 _aEDUCACION DE LA MUJER
650 4 _aEMPLEO DE LAS MUJERES
650 4 _aSALARIOS
650 4 _aIGUALDAD DE EDUCACION
650 4 _aIGUALDAD DE DERECHOS DEL HOMBRE Y DE LA MUJER
942 _cBK
998 _cGrace
999 _c8922
_d8922